|
|
|
|
| LEADER |
00000naa2a2200000 4500 |
| 001 |
183335 |
| 005 |
20251205143926.0 |
| 035 |
|
|
|a (RuTPU)RU\TPU\book\198746
|
| 090 |
|
|
|a 183335
|
| 100 |
|
|
|a 20100714d2004 k y0rusy50 ca
|
| 101 |
0 |
|
|a rus
|
| 102 |
|
|
|a RU
|
| 200 |
1 |
|
|a Синтез литиевого феррита в температурном диапазоне 500-850οC
|f Н. В. Шабардина, В. Б. Пронин, Р. У. Усманов
|
| 320 |
|
|
|a Библиогр.: 2 назв.
|
| 461 |
|
1 |
|0 (RuTPU)RU\TPU\book\66154
|t Современные техника и технологии
|o X Юбилейная международная научно-практическая конференция студентов, аспирантов и молодых ученых, посвященная 400-летию г. Томска, Томск, 29 марта - 2 апреля 2004 г.
|o труды
|f Томский политехнический университет
|d 2004
|
| 463 |
|
0 |
|0 (RuTPU)RU\TPU\book\65883
|t Т. 2
|v С. 98-99
|d 2004
|
| 610 |
1 |
|
|a литиевые ферриты
|
| 610 |
1 |
|
|a синтез
|
| 610 |
1 |
|
|a температура
|
| 610 |
1 |
|
|a твердофазовые реакции
|
| 610 |
1 |
|
|a зависимости
|
| 610 |
1 |
|
|a кинетика
|
| 610 |
1 |
|
|a труды учёных ТПУ
|
| 700 |
|
1 |
|a Шабардина
|b Н. В.
|
| 701 |
|
1 |
|a Пронин
|b В. Б.
|
| 701 |
|
1 |
|a Усманов
|b Р. У.
|
| 801 |
|
1 |
|a RU
|b 63413507
|c 20100714
|
| 801 |
|
2 |
|a RU
|b 63413507
|c 20140326
|g RCR
|
| 942 |
|
|
|c BK
|